| 000 | 00341nam a2200121Ia 4500 | ||
|---|---|---|---|
| 008 | 230524s9999 xx 000 0 und d | ||
| 100 | _aMike O' Docherty | ||
| 245 | 0 | _aObject Oriented Analysis & Design: Understanding System Development with UML 2.0 | |
| 260 | _bJ.Wiley | ||
| 500 | _aQuantity Number: 2 | ||
| 650 | _aComp-Sc | ||
| 942 | _cBK | ||
| 999 |
_c49983 _d49983 |
||